Pays d'Asie avec le plus de Chrétiens - Statistiques

Statistiques générales
  • Ce quiz a été pris 238 fois
  • Le résultat moyen est 5 sur 10
Statistiques - réponses
Nombre de Chrétiens Pays % Correct
69.665.692 Chine
93%
2.548.345 Japon
83%
24.080.016 Inde
82%
21.051.727 Indonesie
61%
84.246.490 Philippines
61%
6.014.561 Vietnam
49%
3.188.000 Armenie
40%
2.598.719 Pakistan
39%
6.985.488 Kazakhstan
19%
15.435.596 Corée du Nord
13%
Aucun quiz correspondant
Distribution des résultats
% des personnes avec chaque résultat
Percentile par nombre de réponses
Votre historique - résultats
Vous n’avez pas pris ce quiz